[Event "Satka Metallurg op"]
[Site "Satka"]
[Date "2012.07.04"]
[Round "3"]
[White "Polosin, Evgeny"]
[Black "Enderov, Vladimir"]
[Result "1/2-1/2"]
[WhiteElo "2076"]
[BlackElo "1927"]
[PlyCount "56"]
[EventDate "2012.07.02"]
[EventType "swiss"]
[EventRounds "9"]
[EventCountry "RUS"]
[SourceTitle "EXT 2013"]
[Source "ChessBase"]
[SourceDate "2012.11.22"]
[SourceVersion "1"]
[SourceVersionDate "2012.11.22"]
[SourceQuality "1"]

1. e4 e5 2. Nf3 Nf6 3. Nc3 Bb4 4. Bc4 0-0 5. 0-0 Nc6 6. d3 Bxc3 7. bxc3 d5 8. exd5 Nxd5 9. Bd2 Bg4 10. h3 Bh5 11. Re1 Re8 12. Rb1 Rb8 13. Bb5 Bxf3 14. Qxf3 Nde7 15. Bc4 Rf8 16. Bg5 Kh8 17. Re4 f6 18. Rh4 Qe8 19. Bc1 Qg6 20. Ba3 Rfd8 21. Bxe7 Nxe7 22. Rxb7 Qg5 23. Rh5 Qc1+ 24. Kh2 Rxb7 25. Qxb7 Qf4+ 26. Kg1 Qc1+ 27. Kh2 Qf4+ 28. Kg1 Qc1+ 1/2-1/2

[Event "Urals-ch"]
[Site "Satka"]
[Date "2012.03.31"]
[Round "8"]
[White "Polosin, Evgeny"]
[Black "Genkel, Dmitriy"]
[Result "0-1"]
[WhiteElo "2040"]
[BlackElo "1847"]
[PlyCount "142"]
[EventDate "2012.03.24"]
[EventType "swiss"]
[EventRounds "9"]
[EventCountry "RUS"]
[SourceTitle "CBM 147 Extra"]
[Source "ChessBase"]
[SourceDate "2012.04.24"]
[SourceVersion "1"]
[SourceVersionDate "2012.04.24"]
[SourceQuality "1"]

1. e4 c5 2. Nf3 d6 3. d4 cxd4 4. Nxd4 Nf6 5. Nc3 a6 6. a4 e5 7. Nf3 Be7 8. Bc4 Be6 9. Qe2 Nc6 10. Bg5 Rc8 11. Bxf6 Bxf6 12. Nd5 0-0 13. 0-0 Nb4 14. Rfd1 Bxd5 15. exd5 Nxc2 16. Qxc2 b5 17. axb5 axb5 18. Nd2 Bg5 19. Qd3 Bxd2 20. Bxb5 Bb4 21. Ra4 Bc5 22. b4 Bd4 23. Bc6 f5 24. b5 f4 25. Qh3 Rb8 26. Rd2 Rf6 27. Rda2 Qc7 28. Ra8 Rff8 29. Qe6+ Kh8 30. Rxb8 Rxb8 31. Ra6 h6 32. Qf5 Qe7 33. Ra2 Qh4 34. Qg6 Qe7 35. Qe6 Qc7 36. Kf1 Rf8 37. f3 Rd8 38. Ra6 Rb8 39. g3 fxg3 40. hxg3 Bc5 41. Kg2 Rd8 42. g4 Be3 43. g5 hxg5 44. Ra1 g4 45. Rh1+ Bh6 46. fxg4 Qa5 47. Rxh6+ gxh6 48. Qxh6+ Kg8 49. Qg6+ Kh8 50. Qh6+ Kg8 51. Qg5+ Kh8 52. Qf6+ Kg8 53. Qg6+ Kf8 54. Qf6+ Kg8 55. Qe6+ Kh8 56. Be8 Qd2+ 57. Kh3 Qg5 58. b6 Ra8 59. Ba4 Qe3+ 60. Kh4 Qxb6 61. Qf6+ Kg8 62. Qg6+ Kh8 63. Qh6+ Kg8 64. Qg6+ Kh8 65. Kh5 Qf2 66. Qh6+ Kg8 67. Qg6+ Kh8 68. Qh6+ Kg8 69. Qg6+ Kh8 70. Qxd6 Rf8 71. Kg6 Rg8+ 0-1

[Event "Urals-ch"]
[Site "Satka"]
[Date "2012.03.30"]
[Round "7"]
[White "Korol, Vladimir"]
[Black "Polosin, Evgeny"]
[Result "1-0"]
[WhiteElo "2197"]
[BlackElo "2040"]
[PlyCount "97"]
[EventDate "2012.03.24"]
[EventType "swiss"]
[EventRounds "9"]
[EventCountry "RUS"]
[SourceTitle "CBM 147 Extra"]
[Source "ChessBase"]
[SourceDate "2012.04.24"]
[SourceVersion "1"]
[SourceVersionDate "2012.04.24"]
[SourceQuality "1"]

1. d4 Nf6 2. Nf3 c5 3. c4 cxd4 4. Nxd4 e5 5. Nc2 Bc5 6. e3 0-0 7. Nc3 Nc6 8. Be2 e4 9. 0-0 a5 10. b3 Ne7 11. Bb2 d5 12. Nb5 Be6 13. Ncd4 Rc8 14. Rc1 Qd7 15. Nxe6 fxe6 16. a3 Nf5 17. Qd2 Nh4 18. b4 axb4 19. axb4 Bb6 20. Be5 Ra8 21. c5 Bd8 22. Nd6 Bc7 23. b5 Ne8 24. b6 Bb8 25. Qb2 Nxd6 26. cxd6 Bxd6 27. Bxd6 Qxd6 28. Rc7 Rf7 29. Rxf7 Kxf7 30. Rc1 Re8 31. Bb5 Re7 32. Rc8 Ng6 33. h3 Ne5 34. Rh8 h6 35. Rc8 Nd7 36. Bxd7 Rxd7 37. Qb5 Kg6 38. g3 e5 39. Qe2 Qxb6 40. Qg4+ Kh7 41. Qxd7 Qf6 42. Qxd5 Qf5 43. Qxb7 h5 44. Rc4 Qxh3 45. Qxe4+ Kg8 46. Qxe5 h4 47. Rxh4 Qd7 48. Rd4 Qf7 49. Qd5 1-0

[Event "Urals-ch"]
[Site "Satka"]
[Date "2012.03.27"]
[Round "4"]
[White "Gerasev, German"]
[Black "Polosin, Evgeny"]
[Result "0-1"]
[WhiteElo "1825"]
[BlackElo "2040"]
[PlyCount "86"]
[EventDate "2012.03.24"]
[EventType "swiss"]
[EventRounds "9"]
[EventCountry "RUS"]
[SourceTitle "CBM 147 Extra"]
[Source "ChessBase"]
[SourceDate "2012.04.24"]
[SourceVersion "1"]
[SourceVersionDate "2012.04.24"]
[SourceQuality "1"]

1. e4 e5 2. Nf3 Nc6 3. Bb5 Nge7 4. Nc3 a6 5. Ba4 d6 6. d4 b5 7. Bb3 exd4 8. Nxd4 Nxd4 9. Bxf7+ Kxf7 10. Qxd4 Be6 11. f4 Nc6 12. Qd1 Qh4+ 13. g3 Qg4 14. Qd2 g6 15. Nd5 Qf3 16. Rf1 Qxe4+ 17. Ne3 Nd4 18. Kd1 Bg7 19. c3 Nf5 20. Nxf5 Bxf5 21. Qe2 Rhe8 22. Qxe4 Rxe4 23. Re1 Bg4+ 24. Kd2 Rxe1 25. Kxe1 Re8+ 26. Kf1 Re2 27. h3 Bf3 28. a4 b4 29. cxb4 Bxb2 30. Bxb2 Rxb2 31. b5 axb5 32. axb5 Be2+ 33. Kf2 Bxb5+ 34. Ke3 Rb3+ 35. Kf2 Bd7 36. h4 h5 37. Ra7 Rc3 38. Ra8 Bc6 39. Ra7 Bd5 40. Ra5 Ke6 41. g4 Rf3+ 42. Ke2 Rxf4 43. gxh5 gxh5 0-1

[Event "Urals-ch"]
[Site "Satka"]
[Date "2012.03.24"]
[Round "1"]
[White "Polosin, Evgeny"]
[Black "Polschikov, Alexey"]
[Result "0-1"]
[WhiteElo "2040"]
[BlackElo "2385"]
[PlyCount "102"]
[EventDate "2012.03.24"]
[EventType "swiss"]
[EventRounds "9"]
[EventCountry "RUS"]
[SourceTitle "CBM 147 Extra"]
[Source "ChessBase"]
[SourceDate "2012.04.24"]
[SourceVersion "1"]
[SourceVersionDate "2012.04.24"]
[SourceQuality "1"]

1. e4 c5 2. Nf3 Nc6 3. Nc3 e6 4. Bb5 Nd4 5. 0-0 a6 6. Be2 Ne7 7. d3 Nec6 8. Nxd4 Nxd4 9. f4 Be7 10. Bf3 0-0 11. Ne2 Nxf3+ 12. Rxf3 d5 13. e5 f6 14. Ng3 Qe8 15. c3 fxe5 16. fxe5 Rxf3 17. Qxf3 Qg6 18. Bd2 Bd7 19. Rf1 Bb5 20. c4 Bc6 21. Qe2 dxc4 22. dxc4 Rd8 23. Bc1 Rd4 24. Be3 Rg4 25. b3 h5 26. Rf4 Rxf4 27. Bxf4 h4 28. Nf1 h3 29. g3 Qf5 30. Ne3 Qe4 31. Kf2 g5 32. Qg4 Kf7 33. Qh5+ Qg6 34. Qxh3 gxf4 35. gxf4 Be4 36. Qg3 Qh7 37. Kg1 Qh5 38. Qf2 Bh4 39. Qd2 Qf3 40. Ng2 Bd3 41. Ne3 Qe4 42. Ng2 Qd4+ 43. Ne3 Ke8 44. a3 a5 45. a4 b6 46. h3 Ke7 47. Qc1 Bg3 48. Kg2 Qxf4 49. Qd2 Be4+ 50. Kg1 Bh2+ 51. Qxh2 Qxe3+ 0-1

[Event "UrFO-ch op"]
[Site "Cheliabinsk"]
[Date "2011.03.22"]
[Round "5"]
[White "Polosin, Evgeny"]
[Black "Kozirev, Alexander"]
[Result "1-0"]
[WhiteElo "1933"]
[BlackElo "2336"]
[PlyCount "91"]
[EventDate "2011.03.19"]
[EventType "swiss"]
[EventRounds "9"]
[EventCountry "RUS"]
[SourceTitle "EXT 2012"]
[Source "ChessBase"]
[SourceDate "2011.11.24"]
[SourceVersion "1"]
[SourceVersionDate "2011.11.24"]
[SourceQuality "1"]

1. e4 c5 2. Nf3 Nc6 3. Nc3 g6 4. d4 cxd4 5. Nxd4 Bg7 6. Be3 Nf6 7. Be2 0-0 8. Nb3 b6 9. Qd2 Bb7 10. Bh6 d5 11. exd5 Nb4 12. 0-0-0 Nbxd5 13. Bxg7 Kxg7 14. Qg5 h6 15. Qe5 Qb8 16. Qxb8 Raxb8 17. Nxd5 Bxd5 18. f3 Rbc8 19. Rhe1 e6 20. Kb1 a5 21. Nd2 Rfd8 22. c4 Bb7 23. b3 g5 24. Kb2 h5 25. h3 h4 26. Nb1 Nh5 27. Nc3 Bc6 28. a3 Nf4 29. Bf1 f5 30. b4 axb4 31. axb4 g4 32. b5 Rxd1 33. Rxd1 gxh3 34. gxh3 Bxf3 35. Rd6 Kf6 36. Rxb6 Ke5 37. Na4 Kd4 38. Rd6+ Ke3 39. c5 Kf2 40. Bc4 e5 41. c6 Nxh3 42. Nb6 Rc7 43. Nd5 Bxd5 44. Bxd5 Nf4 45. b6 Nxd5 46. b7 1-0

[Event "UrFO-ch op"]
[Site "Cheliabinsk"]
[Date "2011.03.20"]
[Round "3"]
[White "Polosin, Evgeny"]
[Black "Pozin, Sergey"]
[Result "0-1"]
[WhiteElo "1933"]
[BlackElo "2364"]
[PlyCount "62"]
[EventDate "2011.03.19"]
[EventType "swiss"]
[EventRounds "9"]
[EventCountry "RUS"]
[SourceTitle "EXT 2012"]
[Source "ChessBase"]
[SourceDate "2011.11.24"]
[SourceVersion "1"]
[SourceVersionDate "2011.11.24"]
[SourceQuality "1"]

1. e4 c5 2. Nf3 d6 3. Bc4 Nf6 4. Qe2 Nc6 5. c3 Bg4 6. 0-0 e6 7. h3 Bh5 8. g4 Bg6 9. e5 dxe5 10. Nxe5 Nxe5 11. Qxe5 Bd3 12. Bxd3 Qxd3 13. Qe3 0-0-0 14. b3 Be7 15. Na3 h5 16. g5 Qg6 17. d4 Nd5 18. Qg3 h4 19. Qg2 Nxc3 20. dxc5 Bxc5 21. Nc4 Qe4 22. Bb2 Ne2+ 23. Kh1 Qxg2+ 24. Kxg2 Bd4 25. Bxd4 Rxd4 26. Kf3 Nf4 27. Rac1 Kb8 28. Ke3 Rhd8 29. Ne5 f6 30. gxf6 gxf6 31. Ng4 Rd3+ 0-1

[Event "Cheliabinsk-ch"]
[Site "Cheliabinsk"]
[Date "2011.03.04"]
[Round "7"]
[White "Pivkin, Anton"]
[Black "Polosin, Evgeny"]
[Result "1-0"]
[WhiteElo "1767"]
[BlackElo "1903"]
[PlyCount "80"]
[EventDate "2011.02.26"]
[EventType "swiss"]
[EventRounds "9"]
[EventCountry "RUS"]
[SourceTitle "CBM 141 Extra"]
[Source "ChessBase"]
[SourceDate "2011.05.03"]
[SourceVersion "1"]
[SourceVersionDate "2011.05.03"]
[SourceQuality "1"]

1. d4 Nf6 2. Nf3 c5 3. e3 cxd4 4. exd4 d5 5. c3 Bg4 6. Be2 Nc6 7. 0-0 e6 8. h3 Bxf3 9. Bxf3 Bd6 10. Bg5 0-0 11. Nd2 Rb8 12. Rb1 b5 13. a3 a5 14. g4 h6 15. Be3 b4 16. axb4 axb4 17. Kg2 Nh7 18. Be2 f5 19. f4 g5 20. Qc2 Qf6 21. Bd3 Ne7 22. fxg5 hxg5 23. Nf3 Ng6 24. gxf5 exf5 25. Qb3 Ne7 26. c4 Rf7 27. Rg1 g4 28. hxg4 fxg4 29. Bxh7+ Rxh7 30. Bg5 Qxf3+ 31. Qxf3 gxf3+ 32. Kxf3 Rf8+ 33. Ke2 Rh2+ 34. Kd1 Kf7 35. c5 Bg3 36. Rxg3 Rh1+ 37. Kc2 b3+ 38. Rxb3 Rh2+ 39. Bd2 Re2 40. Rf3+ Ke8 1-0

[Event "Cheliabinsk-ch"]
[Site "Cheliabinsk"]
[Date "2011.03.03"]
[Round "6"]
[White "Polosin, Evgeny"]
[Black "Gorbushin, Maksim"]
[Result "0-1"]
[WhiteElo "1903"]
[BlackElo "2061"]
[PlyCount "94"]
[EventDate "2011.02.26"]
[EventType "swiss"]
[EventRounds "9"]
[EventCountry "RUS"]
[SourceTitle "CBM 141 Extra"]
[Source "ChessBase"]
[SourceDate "2011.05.03"]
[SourceVersion "1"]
[SourceVersionDate "2011.05.03"]
[SourceQuality "1"]

1. e4 c5 2. Nf3 d6 3. Bc4 Nc6 4. c3 Nf6 5. Qe2 Bg4 6. 0-0 Bxf3 7. Qxf3 a6 8. Bb3 g6 9. Na3 Bg7 10. Nc2 0-0 11. a4 b5 12. d3 Na5 13. Ba2 bxa4 14. Be3 Nb3 15. Rad1 Rb8 16. Qe2 Nd7 17. f4 f5 18. exf5 gxf5 19. d4 Kh8 20. Rf3 cxd4 21. cxd4 a5 22. Rh3 Qe8 23. Ne1 e5 24. dxe5 dxe5 25. fxe5 Nxe5 26. Bh6 Bxh6 27. Rxh6 Ng4 28. Re6 Qc8 29. Nf3 Qc5+ 30. Kf1 Nc1 31. Qd2 Nxa2 32. h3 Qc4+ 33. Re2 Rbe8 34. Qd4+ Qxd4 35. Rxd4 Rxe2 36. Kxe2 Re8+ 37. Kd2 Ne5 38. Rxa4 Nb4 39. Nh4 f4 40. Nf5 Rc8 41. Nd4 Nc4+ 42. Ke2 Rd8 43. Nc6 Rd2+ 44. Ke1 Nd3+ 45. Kf1 Ne3+ 46. Kg1 Rxg2+ 47. Kh1 Nf2# 0-1

[Event "Cheliabinsk-ch"]
[Site "Cheliabinsk"]
[Date "2011.02.27"]
[Round "2"]
[White "Polosin, Evgeny"]
[Black "Kazantsev, Nikita"]
[Result "1/2-1/2"]
[WhiteElo "1903"]
[BlackElo "1750"]
[PlyCount "22"]
[EventDate "2011.02.26"]
[EventType "swiss"]
[EventRounds "9"]
[EventCountry "RUS"]
[SourceTitle "CBM 141 Extra"]
[Source "ChessBase"]
[SourceDate "2011.05.03"]
[SourceVersion "1"]
[SourceVersionDate "2011.05.03"]
[SourceQuality "1"]

1. d4 d5 2. c4 e6 3. Nc3 Nf6 4. Bg5 Be7 5. Nf3 Nbd7 6. e3 0-0 7. c5 c6 8. b4 a6 9. Bd3 Ne8 10. Bxe7 Qxe7 11. 0-0 f5 1/2-1/2

[Event "Cheliabinsk Postovalov Memorial 5th"]
[Site "Cheliabinsk"]
[Date "2011.01.08"]
[Round "6"]
[White "Polosin, Evgeny"]
[Black "Pleshakov, Kirill"]
[Result "0-1"]
[WhiteElo "1903"]
[BlackElo "1982"]
[PlyCount "44"]
[EventDate "2011.01.06"]
[EventType "swiss"]
[EventRounds "9"]
[EventCountry "RUS"]
[SourceTitle "CBM 140 Extra"]
[Source "ChessBase"]
[SourceDate "2011.03.01"]
[SourceVersion "1"]
[SourceVersionDate "2011.03.01"]
[SourceQuality "1"]

1. e4 c5 2. Nf3 Nc6 3. d4 cxd4 4. Nxd4 Nf6 5. Nc3 e6 6. g3 Bb4 7. Bg2 Qa5 8. Nde2 0-0 9. 0-0 Rd8 10. h3 d5 11. exd5 exd5 12. Bg5 Be7 13. Nd4 h6 14. Be3 Ne5 15. Nb3 Qa6 16. Qe2 Nc4 17. Rad1 Be6 18. Bc1 Qb6 19. Kh2 Rac8 20. Nxd5 Bxd5 21. Bxd5 Rxd5 22. Qxe7 Rxd1 0-1

[Event "Cheliabinsk Postovalov Memorial 5th"]
[Site "Cheliabinsk"]
[Date "2011.01.07"]
[Round "3"]
[White "Khazhipov, Timur"]
[Black "Polosin, Evgeny"]
[Result "1-0"]
[WhiteElo "2029"]
[BlackElo "1903"]
[PlyCount "51"]
[EventDate "2011.01.06"]
[EventType "swiss"]
[EventRounds "9"]
[EventCountry "RUS"]
[SourceTitle "CBM 140 Extra"]
[Source "ChessBase"]
[SourceDate "2011.03.01"]
[SourceVersion "1"]
[SourceVersionDate "2011.03.01"]
[SourceQuality "1"]

1. e4 e5 2. Nf3 Nc6 3. Bc4 g6 4. Nc3 Bg7 5. d3 Na5 6. Bb3 Nxb3 7. axb3 Ne7 8. h3 d6 9. Be3 a6 10. d4 Bd7 11. Qd2 h6 12. 0-0-0 f6 13. Nh2 g5 14. h4 Ng6 15. hxg5 fxg5 16. g3 0-0 17. dxe5 Bxe5 18. f4 gxf4 19. gxf4 Rxf4 20. Rdg1 Rf6 21. Ng4 Bxg4 22. Rxg4 Qd7 23. Qg2 Qf7 24. Nd5 Re6 25. Rxh6 Kg7 26. Ne7 1-0

[Event "Cheliabinsk Kibizov Memorial 5th"]
[Site "Cheliabinsk"]
[Date "2010.06.26"]
[Round "3"]
[White "Polosin, Evgeny"]
[Black "Gorbushin, Maksim"]
[Result "0-1"]
[WhiteElo "1883"]
[BlackElo "2030"]
[PlyCount "122"]
[EventDate "2010.06.24"]
[EventType "swiss"]
[EventRounds "9"]
[EventCountry "RUS"]
[SourceTitle "EXT 2012"]
[Source "ChessBase"]
[SourceDate "2011.11.24"]
[SourceVersion "1"]
[SourceVersionDate "2011.11.24"]
[SourceQuality "1"]

1. Nc3 Nf6 2. Nf3 d6 3. d4 g6 4. e4 Bg7 5. Bf4 0-0 6. Be2 c6 7. h4 h5 8. Ng5 Qa5 9. f3 e5 10. Be3 b5 11. a3 b4 12. axb4 Qxb4 13. dxe5 Qxb2 14. Bd4 dxe5 15. Bxe5 Nxe4 16. Rb1 Nxc3 17. Rxb2 Nxd1 18. Rxb8 Rxb8 19. Bxb8 Nc3 20. Bc4 Ba6 21. Bxf7+ Rxf7 22. Nxf7 Kxf7 23. Bxa7 Nb5 24. Bc5 Bc8 25. 0-0 Nd4 26. Bxd4 Bxd4+ 27. Kh2 Bf5 28. g4 Bxc2 29. Rc1 Be5+ 30. Kg2 Ba4 31. gxh5 gxh5 32. Rc5 Ke6 33. f4 Bd6 34. Rxh5 Bxf4 35. Ra5 Bb5 36. Kf3 Be5 37. Ke4 Bf6 38. h5 Bc4 39. h6 Bd5+ 40. Kf4 Kf7 41. Ra7+ Kg6 42. h7 Bg7 43. Rc7 Kxh7 44. Kg5 Kg8 45. Kg6 Be4+ 46. Kg5 Bd4 47. Kf4 Bd5 48. Kf5 Kf8 49. Rxc6 Bxc6 50. Ke6 Be4 51. Kd6 Kf7 52. Kd7 Be5 53. Kd8 Ke6 54. Ke8 Bc7 55. Kf8 Kf6 56. Ke8 Bf5 57. Kf8 Bd7 58. Kg8 Kg6 59. Kf8 Bd6+ 60. Kg8 Be6+ 61. Kh8 Be5# 0-1

[Event "Cheliabinsk Region-ch"]
[Site "Cheliabinsk"]
[Date "2010.04.04"]
[Round "9"]
[White "Polosin, Evgeny"]
[Black "Eryshkanova, Anastasiya"]
[Result "0-1"]
[WhiteElo "1880"]
[BlackElo "2144"]
[PlyCount "82"]
[EventDate "2010.03.27"]
[EventType "swiss"]
[EventRounds "9"]
[EventCountry "RUS"]
[SourceTitle "EXT 2012"]
[Source "ChessBase"]
[SourceDate "2011.11.24"]
[SourceVersion "1"]
[SourceVersionDate "2011.11.24"]
[SourceQuality "1"]

1. e4 e5 2. Nf3 Nc6 3. Bc4 Nf6 4. d3 Be7 5. c3 0-0 6. h3 d6 7. Bg5 a6 8. a4 Be6 9. Nbd2 d5 10. exd5 Nxd5 11. Bxe7 Qxe7 12. 0-0 Nf4 13. Re1 Rad8 14. Bxe6 Qxe6 15. d4 Qg6 16. Nh4 Nxh3+ 17. Kh2 Qh6 18. Kxh3 exd4 19. Ne4 dxc3 20. Qc1 cxb2 21. Qxb2 f5 22. Qb3+ Kh8 23. Nc5 g5 24. Kh2 Qxh4+ 25. Kg1 Rf6 26. Re3 Qd4 27. Rc1 Ne5 28. Ne6 Qd2 29. Rf1 Ng4 30. Rh3 Rd7 31. Nc5 Nxf2 32. Rf3 Qd4 33. Qe3 Ng4 34. Qxd4 Rxd4 35. Re1 f4 36. Ne6 Rd5 37. Nxc7 Rd7 38. Re8+ Kg7 39. Rc8 Rc6 40. Ne8+ Kf7 41. Rb8 Re6 0-1